<?xml version="1.0" encoding="UTF-8"?>
<record
    xmlns:xsi="http://www.w3.org/2001/XMLSchema-instance"
    xsi:schemaLocation="http://www.loc.gov/MARC21/slim http://www.loc.gov/standards/marcxml/schema/MARC21slim.xsd"
    xmlns="http://www.loc.gov/MARC21/slim">

  <leader>01270cam a2200313 a 4500</leader>
  <controlfield tag="001">c  67000554 </controlfield>
  <controlfield tag="003">DLC</controlfield>
  <controlfield tag="005">20260227111036.0</controlfield>
  <controlfield tag="008">031030s1961    cc       b    000 0 chi  </controlfield>
  <datafield tag="010" ind1=" " ind2=" ">
    <subfield code="a">c  67000554 </subfield>
  </datafield>
  <datafield tag="035" ind1=" " ind2=" ">
    <subfield code="a">(CStRLIN)DCLP03-B16242</subfield>
  </datafield>
  <datafield tag="040" ind1=" " ind2=" ">
    <subfield code="a">DLC</subfield>
    <subfield code="c">DNLM</subfield>
    <subfield code="d">OCoLC</subfield>
    <subfield code="d">MH-HY</subfield>
    <subfield code="d">CStRLIN</subfield>
    <subfield code="d">DLC-R</subfield>
    <subfield code="d">DLC</subfield>
  </datafield>
  <datafield tag="042" ind1=" " ind2=" ">
    <subfield code="a">lccopycat</subfield>
  </datafield>
  <datafield tag="050" ind1="0" ind2="0">
    <subfield code="a">RS125.C443</subfield>
    <subfield code="b">N3</subfield>
  </datafield>
  <datafield tag="066" ind1=" " ind2=" ">
    <subfield code="c">$1</subfield>
  </datafield>
  <datafield tag="245" ind1="0" ind2="0">
    <subfield code="6">880-01</subfield>
    <subfield code="a">Jin gui jiao xue can kao zi liao /</subfield>
    <subfield code="c">Nanjing Zhong yi xue yuan jin gui jiao yan zu bian zhu.</subfield>
  </datafield>
  <datafield tag="250" ind1=" " ind2=" ">
    <subfield code="6">880-02</subfield>
    <subfield code="a">Di 1 ban.</subfield>
  </datafield>
  <datafield tag="260" ind1=" " ind2=" ">
    <subfield code="6">880-03</subfield>
    <subfield code="a">Shanghai :</subfield>
    <subfield code="b">Shanghai ke xue ji shu chu ban she,</subfield>
    <subfield code="c">1961</subfield>
    <subfield code="g">(1962 printing)</subfield>
  </datafield>
  <datafield tag="300" ind1=" " ind2=" ">
    <subfield code="a">4, 348 p. ;</subfield>
    <subfield code="c">21 cm.</subfield>
  </datafield>
  <datafield tag="504" ind1=" " ind2=" ">
    <subfield code="a">Bibliography: p. 348.</subfield>
  </datafield>
  <datafield tag="650" ind1=" " ind2="0">
    <subfield code="a">Medicine</subfield>
    <subfield code="x">Formulae, receipts, prescriptions.</subfield>
  </datafield>
  <datafield tag="700" ind1="1" ind2="2">
    <subfield code="6">880-04</subfield>
    <subfield code="a">Zhang, Zhongjing,</subfield>
    <subfield code="d">active 168-196.</subfield>
    <subfield code="t">Jin gui yao l&#xFC;e.</subfield>
  </datafield>
  <datafield tag="710" ind1="2" ind2=" ">
    <subfield code="6">880-05</subfield>
    <subfield code="a">Nanjing Zhong yi xue yuan.</subfield>
    <subfield code="b">Jin gui jiao yan zu.</subfield>
  </datafield>
  <datafield tag="880" ind1="0" ind2="0">
    <subfield code="6">245-01/$1</subfield>
    <subfield code="a">&#x91D1;&#x5331;&#x654E;&#x5B78;&#x53C2;&#x8003;&#x8CC7;&#x6599; /</subfield>
    <subfield code="c">&#x5357;&#x4EAC;&#x4E2D;&#x533B;&#x5B66;&#x9662;&#x91D1;&#x5331;&#x654E;&#x7814;&#x7D44;&#x7DE8;&#x8457;.</subfield>
  </datafield>
  <datafield tag="880" ind1=" " ind2=" ">
    <subfield code="6">250-02/$1</subfield>
    <subfield code="a">&#x7B2C;1&#x7248;.</subfield>
  </datafield>
  <datafield tag="880" ind1=" " ind2=" ">
    <subfield code="6">260-03/$1</subfield>
    <subfield code="a">&#x4E0A;&#x6D77; :</subfield>
    <subfield code="b">&#x4E0A;&#x6D77;&#x79D1;&#x5B66;&#x6280;&#x672F;&#x51FA;&#x7248;&#x793E;,</subfield>
    <subfield code="c">1961</subfield>
    <subfield code="g">(1962 printing)</subfield>
  </datafield>
  <datafield tag="880" ind1="1" ind2="2">
    <subfield code="6">700-04/$1</subfield>
    <subfield code="a">&#x5F35;&#x4EF2;&#x666F;,</subfield>
    <subfield code="d">active 168-196.</subfield>
    <subfield code="t">&#x91D1;&#x5331;&#x8981;&#x7565;.</subfield>
  </datafield>
  <datafield tag="880" ind1="2" ind2=" ">
    <subfield code="6">710-05/$1</subfield>
    <subfield code="a">&#x5357;&#x4EAC;&#x4E2D;&#x533B;&#x5B66;&#x9662;.</subfield>
    <subfield code="b">&#x91D1;&#x5331;&#x654E;&#x7814;&#x7D44;.</subfield>
  </datafield>
  <datafield tag="999" ind1=" " ind2=" ">
    <subfield code="c">12925</subfield>
    <subfield code="d">12925</subfield>
  </datafield>
</record>
